Statistieken voor Nederlandse Gemeenten 2024

Klik hier om de quiz te nemen!

Algemene statistieken

  • Deze quiz is 30 keer genomen
  • De gemiddelde score is 193 van 342

Antwoorden op de kaart

Antwoorden kleurgecodeerd door een groen-rode schaal op de quizkaart volgens % correct hieronder.
 

Antwoordstatistieken

Antwoord% Correct
Leeuwarden
92%
Ameland
88%
Groningen
88%
Heerenveen
88%
Middelburg
88%
Rotterdam
88%
Schiermonnikoog
88%
Terschelling
88%
Texel
88%
Vlieland
88%
Amsterdam
83%
Den Haag
83%
Lelystad
83%
Maastricht
83%
Nijmegen
83%
Tilburg
83%
Utrecht
83%
Venlo
83%
Vlissingen
83%
Almere
79%
Apeldoorn
79%
Arnhem
79%
Assen
79%
Breda
79%
Ede
79%
Eindhoven
79%
Emmen
79%
Goes
79%
Harderwijk
79%
Leiden
79%
Noordoostpolder
79%
's-Hertogenbosch
79%
Terneuzen
79%
Urk
79%
Zwolle
79%
Almelo
75%
Bergen
75%
Delft
75%
Den Helder
75%
Deventer
75%
Dordrecht
75%
Edam-Volendam
75%
Enschede
75%
Gouda
75%
Haarlem
75%
Harlingen
75%
Heerlen
75%
Kerkrade
75%
Oss
75%
Sittard-Geleen
75%
Sluis
75%
Venray
75%
Zutphen
75%
Alkmaar
71%
Barneveld
71%
Bergen op Zoom
71%
Epe
71%
Haarlemmermeer
71%
Hilversum
71%
Hoorn
71%
Hulst
71%
Maassluis
71%
Nieuwegein
71%
Roosendaal
71%
Schiedam
71%
Schouwen-duiveland
71%
Stadskanaal
71%
Vlaardingen
71%
Weert
71%
Zeewolde
71%
Amstelveen
67%
Baarle-Nassau
67%
Borsele
67%
Dronten
67%
Goeree-Overflakkee
67%
Gorinchem
67%
Hengelo
67%
Hollands Kroon
67%
Kampen
67%
Kapelle
67%
Noordwijk
67%
Rozendaal
67%
Soest
67%
Tholen
67%
Vaals
67%
Veenendaal
67%
Westland
67%
Winterswijk
67%
Zaanstad
67%
Zeist
67%
Zoetermeer
67%
Alblasserdam
63%
Alphen aan den Rijn
63%
Berg en Dal
63%
Bloemendaal
63%
Diemen
63%
Doetinchem
63%
Duiven
63%
Enkhuizen
63%
Ermelo
63%
Etten-Leur
63%
Helmond
63%
Huizen
63%
Katwijk
63%
Medemblik
63%
Midden-Drenthe
63%
Midden-Groningen
63%
Nunspeet
63%
Purmerend
63%
Rijswijk
63%
Roermond
63%
Súdwest-Fryslân
63%
Veere
63%
Velsen
63%
Wageningen
63%
Waterland
63%
West Betuwe
63%
Woensdrecht
63%
Zandvoort
63%
Amersfoort
58%
Barendrecht
58%
Beverwijk
58%
Blaricum
58%
Capelle aan den IJssel
58%
Castricum
58%
De Bilt
58%
Hardenberg
58%
Hendrik-Ido-Ambacht
58%
Hoeksche Waard
58%
Hoogeveen
58%
Horst aan de Maas
58%
Krimpen aan den IJssel
58%
Landgraaf
58%
Leiderdorp
58%
Meppel
58%
Midden-Delfland
58%
Moerdijk
58%
Nijkerk
58%
Noardeast-Fryslân
58%
Papendrecht
58%
Raalte
58%
Schagen
58%
Steenwijkerland
58%
Tiel
58%
Tubbergen
58%
Utrechtse Heuvelrug
58%
Veendam
58%
Westerkwartier
58%
Westerveld
58%
Westerwolde
58%
Woerden
58%
Zaltbommel
58%
Zevenaar
58%
Zwijndrecht
58%
Aalsmeer
54%
Aalten
54%
Altena
54%
Beek
54%
Berkelland
54%
Bronckhorst
54%
Brummen
54%
Brunssum
54%
Bunschoten
54%
Buren
54%
Coevorden
54%
De Wolden
54%
Eemsdelta
54%
Elburg
54%
Gooise Meren
54%
Hattem
54%
Heemstede
54%
Het Hogeland
54%
Houten
54%
Krimpenerwaard
54%
Land van Cuijk
54%
Lisse
54%
Lochem
54%
Neder-Betuwe
54%
Nederweert
54%
Noord-Beveland
54%
Oegstgeest
54%
Oldenzaal
54%
Pekela
54%
Pijnacker-Nootdorp
54%
Rhenen
54%
Scherpenzeel
54%
Sliedrecht
54%
Staphorst
54%
Stede Broec
54%
Twenterand
54%
Tynaarlo
54%
Veldhoven
54%
Vijfheerenlanden
54%
Voorst
54%
Vught
54%
Wassenaar
54%
Zuidplas
54%
Zundert
54%
Zwartewaterland
54%
Aa en Hunze
50%
Albrandswaard
50%
Best
50%
Borne
50%
Boxtel
50%
Culemborg
50%
De Fryske Marren
50%
Drimmelen
50%
Eemnes
50%
Eijsden-Margraten
50%
Gulpen-Wittem
50%
Haaksbergen
50%
Heemskerk
50%
Heerde
50%
Hellendoorn
50%
Hillegom
50%
Hof van Twente
50%
IJsselstein
50%
Lansingerland
50%
Lopik
50%
Losser
50%
Nieuwkoop
50%
Nissewaard
50%
Noordenveld
50%
Oldambt
50%
Ommen
50%
Oost Gelre
50%
Reimerswaal
50%
Renkum
50%
Rheden
50%
Ridderkerk
50%
Steenbergen
50%
Stichtse Vecht
50%
Teylingen
50%
Uitgeest
50%
Uithoorn
50%
Waadhoeke
50%
Waddinxveen
50%
Wierden
50%
Wijchen
50%
Wijdemeren
50%
Wormerland
50%
Woudenberg
50%
Zoeterwoude
50%
Achtkarspelen
46%
Alphen-Chaam
46%
Beekdaelen
46%
Borger-Odoorn
46%
Bunnik
46%
Dalfsen
46%
Deurne
46%
Dinkelland
46%
Gennep
46%
Hardinxveld-Giessendam
46%
Hilvarenbeek
46%
Kaag en Braassem
46%
Laren
46%
Leidschendam-Voorburg
46%
Loon op Zand
46%
Meierijstad
46%
Molenlanden
46%
Oisterwijk
46%
Olst-Wijhe
46%
Ooststellingwerf
46%
Oostzaan
46%
Opsterland
46%
Oude IJsselstreek
46%
Ouder-Amstel
46%
Putten
46%
Renswoude
46%
Smallingerland
46%
Tytsjerksteradiel
46%
Voorne aan Zee
46%
Voorschoten
46%
Westervoort
46%
Weststellingwerf
46%
Wijk bij Duurstede
46%
Asten
42%
Baarn
42%
Bergeijk
42%
Bladel
42%
Bodegraven-Reeuwijk
42%
Dantumadiel
42%
Drechterland
42%
Druten
42%
Eersel
42%
Goirle
42%
Heiloo
42%
Heusden
42%
Leusden
42%
Lingewaard
42%
Maasdriel
42%
Maasgouw
42%
Meerssen
42%
Montferland
42%
Montfoort
42%
Oirschot
42%
Oosterhout
42%
Oudewater
42%
Overbetuwe
42%
Rijssen-Holten
42%
Roerdalen
42%
Rucphen
42%
Simpelveld
42%
Sint-Michielsgestel
42%
Stein
42%
Waalwijk
42%
Boekel
38%
Cranendonck
38%
Dijk en Waard
38%
Doesburg
38%
Dongen
38%
Geldrop-Mierlo
38%
Heumen
38%
Landsmeer
38%
Leudal
38%
Mook en Middelaar
38%
Oldebroek
38%
Peel en Maas
38%
Someren
38%
Valkenburg aan de Geul
38%
Valkenswaard
38%
Voerendaal
38%
West Maas en Waal
38%
Beesel
33%
Bernheze
33%
Beuningen
33%
De Ronde Venen
33%
Echt-Susteren
33%
Geertruidenberg
33%
Gilze en Rijen
33%
Halderberge
33%
Heeze-Leende
33%
Koggenland
33%
Nuenen, Gerwen en Nederwetten
33%
Reusel-De Mierden
33%
Son en Breugel
33%
Waalre
33%
Gemert-Bake
29%
Laarbeek
29%
Maashorst
29%
Opmeer
29%

Scoreverdeling

Percentiel versus Aantal Correcte Antwoorden

Procent van Mensen met Elke Score

Uw Scoregeschiedenis

U heeft deze quiz nog niet genomen